00627 2200229 4500001002100000005001700021008004100038020001800079035002400097040001200121082001000133090001900143100001500162245007200177250001100249260003100260300002400291500002600315650002900341850001200370990001500382YOGYA-0209000002905720090227024305.0 ind  a979-413-220-9 0010-020900000029057 aYOPDYOG a025.5 aT 025.5bSun P aSUMARJI, P aPelayanan perpustakaanbTata kerja pelayanan sirkulasicP. Sumardji aCet. 1 aYogyakartabKanisiusc1995 a85 hlmbilusc21 cm aBibliografi : hlm. 85 aPerpustakaan - Pelayanan aYOPDYOG a96P0088697